MARC

Tag First Indicator Second Indicator Subfields
LEADER 00000cam a2200000Ia 4500
001 in00002469430
005 20210727084935.0
006 m d
007 cr cn|||||||||
008 081017s2005 gw a sb 001 0 eng d
020 |a 3540315683 
020 |a 9783540315681 
035 |a (OCoLC)262680677 
035 |a (OCoLC)ocn262680677 
035 |a 3070516 
037 |a 978-3-540-23358-9  |b Springer  |n http://www.springerlink.com 
040 |a GW5XE  |b eng  |c GW5XE  |d UtOrBLW 
049 |a TEFA 
050 1 4 |a QD281.P6  |b M48 2005eb 
072 7 |a QD  |2 lcco 
082 0 4 |a 547/.28  |2 22 
090 |a QD281.P6  |b F6 Bd.176eb 
245 0 0 |a Metathesis polymerization /  |c volume editor, Michael R. Buchmeiser ; with contributions by T.W. Baughman [and others]. 
264 1 |a Berlin :  |b Springer,  |c 2005. 
300 |a vi, 142 pages :  |b illustrations ;  |c 24 cm. 
336 |a text  |b txt  |2 rdacontent 
337 |a computer  |b c  |2 rdamedia 
338 |a online resource  |b cr  |2 rdacarrier 
490 1 |a Advances in polymer science ;  |v 176 
500 |a Electronic resource. 
504 |a Includes bibliographical references and index. 
505 0 |a Recent advances in ADMET polymerization / T.W. Baughman, K.B. Wagener -- Liquid crystalline polymers by metathesis polymerization / G. Trimmel ... [et al.] -- Regioselective polymerization of 1-alkynes and stereoselective cyclopolymerization of [alpha], [omega]-heptadiynes / M.R. Buchmeiser. 
533 |a Electronic reproduction.  |b New York :  |c Springer,  |d 2008.  |n Mode of access: World Wide Web.  |n System requirements: Web browser.  |n Title from title screen (viewed on Oct. 10, 2008).  |n Access may be restricted to users at subscribing institutions. 
650 1 7 |a Blokcopolymeren.  |2 gtt 
650 1 7 |a Chiraliteit.  |2 gtt 
650 1 7 |a Entpolymeren.  |2 gtt 
650 1 7 |a Katalyse.  |2 gtt 
650 1 7 |a Metathese (chemie)  |2 gtt 
650 1 7 |a Polyfosfazenen.  |2 gtt 
650 1 7 |a Polymerisatie.  |2 gtt 
650 1 7 |a Polysilanen.  |2 gtt 
650 1 7 |a Polysiloxanen.  |2 gtt 
650 0 |a Metathesis (Chemistry)  |0 http://id.loc.gov/authorities/subjects/sh90005121 
650 0 |a Polymerization.  |0 http://id.loc.gov/authorities/subjects/sh89001625 
655 7 |a Electronic books.  |2 local 
700 1 |a Buchmeiser, Michael R.  |0 http://id.loc.gov/authorities/names/nb2003048079 
710 2 |a SpringerLink (Online service)  |0 http://id.loc.gov/authorities/names/no2005046756 
776 1 |c Original  |z 354023358X  |z 9783540233589  |w (DLC) 2004112377  |w (OCoLC)58421639 
830 0 |a Advances in polymer science ;  |v 176.  |0 http://id.loc.gov/authorities/names/n91101295 
856 4 0 |u http://proxy.library.tamu.edu/login?url=https://dx.doi.org/10.1007/b101315  |z Connect to the full text of this electronic book  |t 0 
994 |a C0  |b TEF 
999 |a MARS 
999 f f |s 653fe9c1-d33b-3c43-9335-c280002c7c28  |i 5b925108-1400-3193-9a5d-d0a3795cfff6  |t 0 
952 f f |a Texas A&M University  |b College Station  |c Electronic Resources  |d Available Online  |t 0  |e QD281.P6 F6 Bd.176eb  |h Library of Congress classification 
998 f f |a QD281.P6 F6 Bd.176eb  |t 0  |l Available Online